Felinos en la arqueología de Costa Rica : pasado y presente (Registro nro. 7909)
[ vista simple ]
| 000 -CABECERA | |
|---|---|
| campo de control de longitud fija | 00674nam a22002297a 4500 |
| 005 - FECHA Y HORA DE ACTUALIZACIÓN | |
| campo de control | 20160721153108.0 |
| 008 - LONGITUD FIJA | |
| campo de control de longitud fija | 160406b xxu||||| |||| 00| 0 spa d |
| 020 ## - INTERNATIONAL STANDARD BOOK NUMBER | |
| Número Internacional Estándar del Libro | 9789968530125 |
| 041 ## - IDIOMA | |
| Código de idioma del texto/pista de sonido o título separado | |
| 082 ## - CLASIFICACIÓN DECIMAL DEWEY | |
| Número de clasificación | 930.1 |
| Número de documento/Ítem | F363f |
| 100 ## - AUTOR PERSONAL | |
| Nombre de persona | Fernández Esquivel, Patricia |
| 100 ## - AUTOR PERSONAL | |
| Nombre de persona | Gutiérrez Espeleta, Gustavo |
| 100 ## - AUTOR PERSONAL | |
| Nombre de persona | Carrillo Jiménez, Eduardo |
| 245 ## - TÍTULO PROPIAMENTE DICHO | |
| Título | Felinos en la arqueología de Costa Rica : pasado y presente |
| 260 ## - PIE DE IMPRENTA | |
| Lugar de publicación, distribución, etc. | Costa Rica |
| Nombre del editor, distribuidor, etc. | Museos |
| Fecha de publicación, distribución, etc. | 2012 |
| 300 ## - DESCRIPCIÓN FÍSICA | |
| Extensión | 111 páginas |
| 650 ## - Materia General | |
| Materia general | ARQUEOLOGÍA |
| 650 ## - Materia General | |
| Materia general | FELINOS |
| 650 ## - Materia General | |
| Materia general | ANIMALES EN EL ARTE |
| 650 ## - Materia General | |
| Materia general | COSTA RICA |
| 942 ## - Punto de Acceso Adicional Koha | |
| Tipo de ítem Koha | Libro |
| Estado perdido | Estado dañado | No para préstamo | Biblioteca permanente | Biblioteca actual | Signatura completa | Código de barras | Precio efectivo a partir del | Tipo de ítem |
|---|---|---|---|---|---|---|---|---|
| Departamento de Biblioteca y Documentación Alfonso Chase Brenes | Departamento de Biblioteca y Documentación Alfonso Chase Brenes | 930.1 F363f | 20974 | 06/04/2016 | Libro |